BIBLIOTECA Y CENTRO DE DOCUMENTACIÓN

Historia mundial contemporánea (Registro nro. 14598)

Detalles MARC
000 -LEADER
fixed length control field 01570nmm a22003017a 4500
005 - DATE AND TIME OF LATEST TRANSACTION
control field 20260307064603.0
008 - FIXED-LENGTH DATA ELEMENTS--GENERAL INFORMATION
fixed length control field 200929b2015 ag ||||| |||| 00| 0 spa d
020 ## - INTERNATIONAL STANDARD BOOK NUMBER
International Standard Book Number 9789500010979
040 ## - CATALOGING SOURCE
Original cataloging agency AR-MoUNM
082 0# - DEWEY DECIMAL CLASSIFICATION NUMBER
Edition number 20
Classification number 930.071 5
Item number ARGENTI 691
110 1# - MAIN ENTRY--CORPORATE NAME
9 (RLIN) 3477
Corporate name or jurisdiction name as entry element Argentina.
Subordinate unit Ministerio de Educación
245 10 - TITLE STATEMENT
Title Historia mundial contemporánea
Medium [recurso electrónico] /
Statement of responsibility, etc Ministerio de Educación de la Nación
260 ## - PUBLICATION, DISTRIBUTION, ETC. (IMPRINT)
Place of publication, distribution, etc Buenos Aires :
Name of publisher, distributor, etc Ministerio de Educación de la Nación,
Date of publication, distribution, etc 2015.
300 ## - PHYSICAL DESCRIPTION
Extent 1 Recurso en línea (204 p.)
490 0# - SERIES STATEMENT
Series statement (Quiero estudiar FINES)
505 0# - FORMATTED CONTENTS NOTE
Title Unidad 1: La formación de la sociedad burguesa, capitalista y liberal (fines del siglo XVIII-1850)
505 0# - FORMATTED CONTENTS NOTE
Title Unidad 2: El capitalismo liberal adquiere una dimensión mundial (1850-1914)
505 0# - FORMATTED CONTENTS NOTE
Title Unidad 3: La crisis de la sociedad capitalista liberal (1914-1930)
505 0# - FORMATTED CONTENTS NOTE
Title Unidad 4: Las respuestas a la crisis de las sociedades capitalistas y liberales. Hacia una nueva guerra (1930-1945)
505 0# - FORMATTED CONTENTS NOTE
Title Unidad 5: Un mundo dividido: el Estado de Bienestar versus el “socialismo real” (1945-1973)
505 0# - FORMATTED CONTENTS NOTE
Title Unidad 6: El fin de la guerra fría y un nuevo capitalismo, el neoliberal (1973-1991)
505 0# - FORMATTED CONTENTS NOTE
Title Unidad 7: ¿Crisis del capitalismo neoliberal? (1991-…)
650 #7 - SUBJECT ADDED ENTRY--TOPICAL TERM
Source of heading or term unescot
9 (RLIN) 2599
Topical term or geographic name as entry element EDUCACION DE ADULTOS
650 #7 - SUBJECT ADDED ENTRY--TOPICAL TERM
Topical term or geographic name as entry element ENSEÑANZA DE LA HISTORIA
Source of heading or term unescot
9 (RLIN) 641
650 #7 - SUBJECT ADDED ENTRY--TOPICAL TERM
Source of heading or term unescot
9 (RLIN) 126
Topical term or geographic name as entry element HISTORIA CONTEMPORANEA
856 4# - ELECTRONIC LOCATION AND ACCESS
Link text Acceda al libro electrónico
Uniform Resource Identifier <a href="https://unmcloud.unm.edu.ar/index.php/s/sMFfFX2gGKsA9Yd">https://unmcloud.unm.edu.ar/index.php/s/sMFfFX2gGKsA9Yd</a>
942 ## - ADDED ENTRY ELEMENTS (KOHA)
Item type Libros electrónicos
Existencias
Withdrawn status Lost status Damaged status Not for loan Home library Current library Date acquired Total Checkouts Full call number Date last seen Uniform Resource Identifier Price effective from Koha item type
        Colección digital Colección digital 02/10/2020   930.071 5 ARGENTI 691 02/10/2020 Acceda al libro electrónico 02/10/2020 Libros electrónicos
Biblioteca UNM
Universidad Nacional de Moreno
Av. Bme. Mitre Nº 1891 (B1744OHC) Moreno
Provincia de Buenos Aires, República Argentina
(0237) 460-9300 (líneas rotativas)
(011) 2078-9170 (líneas rotativas)
biblioteca@unm.edu.ar
Universidad del Bicentenario Argentino